000 00481nam a22001817a 4500
003 CEME
005 20210628202855.0
008 210203b xxu||||| |||| 00| 0 eng d
020 _a0-02-800665-8
040 _c.
082 _a621.38152 RUT
100 _aRutkowski, George B Oleksy, Jerome E
_962079
245 _aSolid state electronics
250 _a4TH
260 _aNEW YORK
_c1992
650 _aSEMICONDUCTORS, TRANSISTORS, INTEGRATED CIRCUITS
_962080
942 _cBK
_2ddc
999 _c571305
_d571305